Eikeli Busser siden 2022 (Dekknavn) - Statistics

General Stats
  • This quiz has been taken 177 times
  • The average score is 6 of 10
Answer Stats
Hint Answer % Correct
A Gutter 2023 Bar
95%
A Gutter 2024 Piruss
94%
B Gutter 2024 Shaguar
84%
A Jenter 2024 Played
77%
A Gutter 2022 Skallebank
59%
B Gutter 2023 Tempo
59%
B Jenter 2024 Tjejerut
57%
Jenter 2023 Disco Duck
46%
Jenter 2022 Bellini
34%
B Gutter 2022 Bassline Junkie
30%
No matching quizzes found
Score Distribution
Percent of People with Each Score
Percentile by Number Answered
Your Score History
You have not taken this quiz